000 00782nam a2200265Ia 4500
001 dia_90
003 CHAP
005 20221207113549.0
008 220117s1987 xx 000 0 und d
010 _a170521
020 _a0-913250-46-5
040 _cCHAP
082 _a633.1 K7
100 _aKruger, James E.
_963978
245 _aEnzymes and their role in cereal technology /
_c by James E. Kruger
260 _aSt. Paul Minnesota, USA :
_b American Association of Cereal Chemists,
_c1987
300 _a403 p.
500 _aI.209968
600 _aCereales
_9147163
700 _aAmerican Association of Cereal Chemistry
_9147164
901 _a633.1 K7
902 _aM
905 _a0000001987 -usA 0000000000eng00
942 _cLIBRO
_2ddc
999 _c170521
_d170521